Descubriendo las huellas olvidadas de las mujeres europeas / (Record no. 177892)
[ view plain ]
| 000 -LEADER | |
|---|---|
| campo de control de longitud fija | 00832nam a2200193 i 4500 |
| 001 - NÚMERO DE CONTROL | |
| campo de control | 177892 |
| 003 - IDENTIFICADOR DE NÚMERO DE CONTROL | |
| campo de control | ES-MaACL |
| 005 - FECHA Y HORA DE LA ÚLTIMA TRANSACCIÓN | |
| campo de control | 20250807212324.0 |
| 008 - DATOS DE LONGITUD FIJA--INFORMACIÓN GENERAL | |
| campo de control de longitud fija | 110505s1977 sp a i000 0cspa d |
| 080 ## - NÚMERO DE LA CLASIFICACIÓN DECIMAL UNIVERSAL | |
| Número de la Clasificación Decimal Universal | 929-055.2(4)(091) |
| 245 00 - MENCIÓN DEL TÍTULO | |
| Título | Descubriendo las huellas olvidadas de las mujeres europeas / |
| Mención de responsabilidad, etc. | [proyecto de la Concejalía de Mujer de Torrejón de Ardoz ; idea original y coordinación del proyecto, Susana Fernández García]. |
| 260 ## - PUBLICACIÓN, DISTRIBUCIÓN, ETC. | |
| Lugar de publicación, distribución, etc. | Torrejón de Ardoz : |
| Nombre del editor, distribuidor, etc. | Concejalía de la Mujer del Ayuntamiento de Torrejón de Ardoz, |
| Fecha de publicación, distribución, etc. | 1977. |
| 300 ## - DESCRIPCIÓN FÍSICA | |
| Extensión | [32] p. : |
| Otras características físicas | il. col. ; |
| Dimensiones | 22 x 26 cm + |
| Material acompañante/anejo | 1 DVD-Vídeo. |
| 650 #4 - PUNTO DE ACCESO ADICIONAL DE MATERIA--TÉRMINO DE MATERIA | |
| Término de materia o nombre geográfico como elemento de entrada | Mujeres- |
| Subdivisión geográfica | Europa |
| 9 (RLIN) | 15287 |
| 700 1# - ENTRADA AGREGADA--NOMBRE PERSONAL | |
| Nombre de persona | Fernández García, Susana. |
| 9 (RLIN) | 176382 |
| 710 1# - ENTRADA AGREGADA--NOMBRE DE ENTIDAD CORPORATIVA | |
| Nombre de entidad corporativa o nombre de jurisdicción como elemento de entrada | Torrejón de Ardoz. |
| Unidad subordinada | Concejalía de Mujer. |
| 9 (RLIN) | 146379 |
| 852 4# - LOCALIZACIÓN | |
| Ubicación | ES-MaACL |
| Número de control de estantería | 2289-F-6 |
| Estatus retirado | Estado de pérdida | Estado de daño | No para préstamo | Colección | Biblioteca de origen | Biblioteca actual | Ubicación en estantería | Fecha de adquisición | Fuente de adquisición | Total de préstamos | Signatura topográfica completa | Código de barras | Visto por última vez | Precio de reemplazo | Tipo de ítem Koha |
|---|---|---|---|---|---|---|---|---|---|---|---|---|---|---|---|
| Colección de folletos | Biblioteca del Ateneo de Madrid | Biblioteca del Ateneo de Madrid | Depósito folletos | 05/05/2011 | 2289-F-6 | 1186880 | 23/02/2023 | 23/02/2023 | Folleto |
